Online
Catalog

Churchill and the generals / (Record no. 57023)

MARC details
000 -CABECERA
campo de control de longitud fija 01359nam a2200361 i 4500
003 - IDENTIFICADOR DEL NÚMERO DE CONTROL
campo de control DO-SdBNP
005 - FECHA Y HORA DE LA ÚLTIMA TRANSACCIÓN
campo de control 20240627092806.0
006 - CÓDIGOS DE INFORMACIÓN DE LONGITUD FIJA--CARACTERÍSTICAS DEL MATERIAL ADICIONAL
campo de control de longitud fija a||||gr|||| 00| 0
007 - CAMPO FIJO DE DESCRIPCIÓN FÍSICA--INFORMACIÓN GENERAL
campo de control de longitud fija ta
008 - DATOS DE LONGITUD FIJA--INFORMACIÓN GENERAL
campo de control de longitud fija 240626t1981 xxcab||| |||| 00| 0 spa d
020 ## - NÚMERO INTERNACIONAL ESTÁNDAR DEL LIBRO
Número Internacional Estándar del Libro 0553146106
040 ## - FUENTE DE LA CATALOGACIÓN
Centro catalogador/agencia de origen DO-SdBNP
Lengua de catalogación spa
Centro/agencia transcriptor BNPHU
Normas de descripción rda
041 ## - CÓDIGO DE LENGUA
Código de lengua original eng
082 #4 - NÚMERO DE LA CLASIFICACIÓN DECIMAL DEWEY
Número de edición 22
Número de documento/Ítem P688c
100 1# - ENTRADA PRINCIPAL--NOMBRE DE PERSONA
Nombre de persona Pitt, Barrie
Término indicativo de función/relación autor
9 (RLIN) 85847
245 10 - MENCIÓN DE TÍTULO
Título Churchill and the generals /
Resto del título Barrie Pitt, editor, Jak Le Vien, fotografía de portada, John D. LeVien; dibujos de Tom Beecham, Greg Beecham y Stephen Bach mapas de Alan Mcknight
264 ## - PRODUCCIÓN, PUBLICACIÓN, DISTRIBUCIÓN, FABRICACIÓN Y COPYRIGHT
Producción, publicación, distribución, fabricación y copyright Canada, Estados Unidos :
Nombre del de productor, editor, distribuidor, fabricante Bantan Books,
Fecha de producción, publicación, distribución, fabricación o copyright 1981
300 ## - DESCRIPCIÓN FÍSICA
Extensión 216 páginas :
Otras características físicas ilustraciones, mapas ;
Dimensiones 17 cm.
336 ## - TIPO DE CONTENIDO
Fuente rdacontent
Término de tipo de contenido texto
Código de tipo de contenido txt
337 ## - TIPO DE MEDIO
Fuente rdamedia
Nombre/término del tipo de medio sin mediación
Código del tipo de medio n
338 ## - TIPO DE SOPORTE
Fuente rdacarrier
Nombre/término del tipo de soporte volumen
Código del tipo de soporte nc
490 ## - MENCIÓN DE SERIE
Mención de serie Guerra Gallo
500 ## - NOTA GENERAL
Nota general Incluye biografía del autor en la página (216).
500 ## - NOTA GENERAL
Nota general Basado en un relato de los acontecimientos sobre lo que la BBC-Le Vien TV reproduce.
590 ## - NOTA LOCAL (RLIN)
Nota local Inventariado 2024 / MF
700 1# - PUNTO DE ACCESO ADICIONAL--NOMBRE DE PERSONA
Nombre de persona Le Vien, Jak,
Término indicativo de función/relación editor
9 (RLIN) 85848
700 1# - PUNTO DE ACCESO ADICIONAL--NOMBRE DE PERSONA
Nombre de persona LeVien, John D.,
Término indicativo de función/relación fotografía portada
9 (RLIN) 85849
700 1# - PUNTO DE ACCESO ADICIONAL--NOMBRE DE PERSONA
Nombre de persona Beecham, Tom,
Término indicativo de función/relación dibujos
9 (RLIN) 85850
700 1# - PUNTO DE ACCESO ADICIONAL--NOMBRE DE PERSONA
Nombre de persona Greg, Beecham,
Término indicativo de función/relación dibujos
9 (RLIN) 85851
700 1# - PUNTO DE ACCESO ADICIONAL--NOMBRE DE PERSONA
Nombre de persona Bach, Stephen,
Término indicativo de función/relación dibujos
9 (RLIN) 85852
700 1# - PUNTO DE ACCESO ADICIONAL--NOMBRE DE PERSONA
Nombre de persona Mcknight Alan
Término indicativo de función/relación mapas
9 (RLIN) 85853
942 ## - ELEMENTOS DE PUNTO DE ACCESO ADICIONAL (KOHA)
Fuente del sistema de clasificación o colocación Dewey Decimal Classification
Tipo de ítem Koha Libro
Holdings
Estado de retiro Estado de pérdida Fuente del sistema de clasificación o colocación Restricciones de uso No para préstamo Código de colección Localización permanente Ubicación/localización actual Ubicación en estantería Fecha de adquisición Fuente de adquisición Total de préstamos Signatura topográfica completa Código de barras Fecha visto por última vez Precio válido a partir de Tipo de ítem Koha
    Dewey Decimal Classification Préstamo en sala   General Biblioteca Nacional Pedro Henríquez Ureña Biblioteca Nacional Pedro Henríquez Ureña En catalogación 26.12.2015 Donado por Sonia Ginebra   P688c 2024-3769 26.06.2024 26.06.2024 Libro

Powered by Koha